=LDR 00000nam 2200000 4500 =001 INLIS000000000023898 =005 20130612122523 =008 ***********************************Ind** =035 ##$$0010-061300000023898 =041 ##$$a Ind =082 ##$$a 372.3 =090 ##$$a 372.3, Tan =245 ##$$a Tangkas IPA disusun berdasarkan kurikulum 1994 untuk sekolah dasar, Tim bakti guru =260 ##$$a 1997 $b Jakarta =300 ##$$a ...hlm, ilus, 21 cm =650 ##$$a Pendidikan dasar IPA =850 ##$$a NBPNMAT